Selección de trozos pedagógicos, con prácticas de repaso gramatical, documentos mercantiles y modelos de traducciones

Gespeichert in:
Bibliographische Detailangaben
1. Verfasser: Palacio, Eduardo L. del (n. 1872)
Weitere Verfasser: Monreal Jaén, Andrés Román .
Format: Buch
Sprache:Spanisch
Erschienen: Ávila : Tipografía y Encuadernación de Senén Martín , 1923
Ausgabe:[3a ed.]
Katalog:MANES:  Suchergebnis im Bibliothekskatalog
Schulbuchspezifische Eigenschaften:
Schriftenreihe:Didáctica Franco-Española
Schlagworte:
Tags: Tag hinzufügen
Keine Tags, Fügen Sie den ersten Tag hinzu!
Hinzugefügt zu:25.07.1996
Geändert in:12.04.2022

MARC

LEADER 00000cam a2200000 i 4500
005 20220412174444.0
008 960726s1923 esp f 000 0 spa d
040 |a uned  |b spa  |c entro-manes 
100 1 |a Palacio, Eduardo L. del   |d (n. 1872) 
245 1 0 |a Selección de trozos pedagógicos, con prácticas de repaso gramatical, documentos mercantiles y modelos de traducciones  |c  / por Eduardo del Palacio Fontán y Andrés Román Monreal Jaén. 
250 |a [3a ed.] 
260 |a Ávila  |b  : Tipografía y Encuadernación de Senén Martín  |c , 1923 
300 |a 251 p. 
490 0 |a Didáctica Franco-Española 
546 |a España 
650 7 |a Lenguas Extranjeras  |9 23 
700 1 |a Monreal Jaén, Andrés Román .  |9 21062 
942 |2 ddc  |c BK 
999 |c 97656  |d 97656 
999 |c manes:97656  |d 97656